NHL Stats Leaders (All-Time) - Statistics

General Stats
  • This quiz has been taken 184 times
  • The average score is 82 of 150
Answer Stats
Team # Player % Correct
Points 1. EDM 2857 Wayne Gretzky
99%
Goals 1. EDM 894 Wayne Gretzky
99%
Assists 1. EDM 1963 Wayne Gretzky
99%
Plus/Minus 4. EDM 520 Wayne Gretzky
99%
Games Played 24. EDM 1487 Wayne Gretzky
99%
Goals 2. WSH *839 Alexander Ovechkin
96%
Points 12. PIT *1565 Sidney Crosby
94%
Assists 14. PIT *983 Sidney Crosby
94%
Goals 21. PIT 582 Sidney Crosby
94%
Points 8. PIT 1723 Mario Lemieux
92%
Goals 11. PIT 690 Mario Lemieux
92%
Assists 12. PIT 1033 Mario Lemieux
92%
Games Played 2. DET 1767 Gordie Howe
91%
Goals 3. DET 801 Gordie Howe
91%
Points 4. DET 1850 Gordie Howe
91%
Assists 10. DET 1049 Gordie Howe
91%
Plus/Minus 12. PHI 400 Mark Howe
91%
Points 2. PIT 1921 Jaromír Jágr
90%
Games Played 4. PIT 1733 Jaromír Jágr
90%
Goals 4. PIT 766 Jaromír Jágr
90%
Assists 5. PIT 1155 Jaromír Jágr
90%
Plus/Minus 23. PIT 322 Jaromír Jágr
90%
Goals 24. SJS 566 Partick Marleau
87%
Games Played 1. SJS 1779 Patrick Marleau
87%
Games Played 3. EDM 1756 Mark Messier
86%
Points 3. EDM 1887 Mark Messier
86%
Assists 3. EDM 1193 Mark Messier
86%
Goals 9. EDM 694 Mark Messier
86%
Games Played 6. SJS 1714 Joe Thornton
84%
Assists 7. SJS 1109 Joe Thornton
84%
Points 13. SJS 1539 Joe Thornton
84%
Goals 18. CHI 610 Bobby Hull
81%
Goals 5. STL 741 Brett Hull
81%
Points 25. STL 1391 Brett Hull
81%
Points 7. DET 1755 Steve Yzerman
81%
Assists 9. DET 1063 Steve Yzerman
81%
Goals 10. DET 692 Steve Yzerman
81%
Games Played 21. DET 1514 Steve Yzerman
81%
Points 9. COL 1641 Joe Sakic
77%
Assists 13. COL 1016 Joe Sakic
77%
Goals 16. COL 625 Joe Sakic
77%
Plus/Minus 2. BOS 582 Bobby Orr
76%
Goals 20. EDM 601 Jari Kurri
76%
Points 23. EDM 1398 Jari Kurri
76%
Goals 12. ANA 684 Teemu Selanne
76%
Points 18. ANA 1457 Teemu Selanne
76%
Goals 7. BOS 717 Phil Esposito
74%
Points 10. BOS 1590 Phil Esposito
74%
Assists 24. BOS 873 Phil Esposito
74%
Points 6. LAK 1771 Marcel Dionne
72%
Goals 6. LAK 731 Marcel Dionne
72%
Assists 11. LAK 1040 Marcel Dionne
72%
Plus/Minus 3. BOS 527 Ray Bourque
68%
Assists 4. BOS 1169 Ray Bourque
68%
Points 11. BOS 1579 Ray Bourque
68%
Games Played 13. BOS 1612 Ray Bourque
68%
Assists 2. CAR 1249 Ron Francis
67%
Games Played 5. CAR 1731 Ron Francis
67%
Points 5. CAR 1798 Ron Francis
67%
Goals 13. LAK 668 Luc Robitaille
66%
Points 24. LAK 1394 Luc Robitaille
66%
Plus/Minus 15. NYI 380 Mike Bossy
66%
Goals 23. NYI 573 Mike Bossy
66%
Games Played 15. CGY 1554 Jarome Iginla
65%
Goals 17. CGY 625 Jarome Iginla
65%
Plus/Minus 5. PHI 507 Bobby Clarke
62%
Assists 6. EDM 1135 Paul Coffey
62%
Points 16. EDM 1531 Paul Coffey
62%
Points 17. CHI 1467 Stan Mikita
62%
Assists 19. CHI 926 Stan Mikita
62%
Plus/Minus 20. CHI 329 Stan Mikita
62%
Plus/Minus 9. NYI 449 Bryan Trottier
61%
Points 19. NYI 1425 Bryan Trottier
61%
Assists 20. NYI 901 Bryan Trottier
61%
Plus/Minus 11. MTL 446 Guy Lafluer
61%
Games Played 22. DAL 1499 Mike Modano
58%
Plus/Minus 8. DET 450 Nicklas Lidstrom
52%
Games Played 14. DET 1564 Nicklas Lidstrom
52%
Assists 23. DET 878 Nicklas Lidstrom
52%
Games Played 8. PHI 1652 Mark Recchi
51%
Points 14. PHI 1533 Mark Recchi
51%
Assists 16. PHI 956 Mark Recchi
51%
Goals 22. PHI 577 Mark Recchi
51%
Games Played 11. NJD 1635 Scott Stevens
51%
Plus/Minus 13. NJD 395 Scott Stevens
51%
Penalty Minutes 14. NJD 2785 Scott Stevens
51%
Penalty Minutes 3. TOR 3515 Tie Domi
49%
Points 22. WIN 1409 Dale Hawerchuk
48%
Assists 22. WIN 891 Dale Hawerchuk
48%
Goals 8. WSH 708 Mike Gartner
48%
Games Played 7. BOS 1680 Zdeno Chara
48%
Goals 14. DET 656 Brendan Shanahan
47%
Games Played 19. DET 1524 Brendan Shanahan
47%
Penalty Minutes 23. DET 2489 Brendan Shanahan
47%
Games Played 9. CHI 1651 Chris Chelios
46%
Penalty Minutes 12. CHI 2891 Chris Chelios
46%
Plus/Minus 18. CHI 351 Chris Chelios
46%
Games Played 10. BUF 1639 Dave Andreychuk
46%
Goals 15. BUF 640 Dave Andreychuk
46%
Games Played 18. PHX 1540 Shane Doan
43%
Penalty Minutes 1. TOR 3971 Tiger Williams
43%
Assists 8. WSH 1079 Adam Oates
42%
Points 20. WSH 1420 Adam Oates
42%
Plus/Minus 1. MTL 722 Larry Robinson
40%
Goals 19. MNS 608 Dino Ciccarelli
39%
Games Played 17. BOS 1540 Johnny Bucyk
39%
Goals 25. CGY 564 Joe Nieuwendyk
38%
Games Played 25. CAR 1484 Rod Brind'Amour
38%
Assists 15. TOR 964 Doug Gilmour
37%
Points 21. TOR 1414 Doug Gilmour
37%
Plus/Minus 16. CGY 371 Al Macinnis
36%
Assists 17. CGY 934 Al Macinnis
36%
Plus/Minus 7. NYI 456 Denis Potvin
36%
Assists 25. CHI 865 Denis Savard
36%
Plus/Minus 6. MTL 462 Serge Savard
36%
Penalty Minutes 5. DET 3300 Bob Probert
28%
Plus/Minus 25. BOS 318 Dallas Smith
28%
Assists 21. BUF 894 Phil Housley
24%
Games Played 23. BUF 1495 Phil Housley
24%
Penalty Minutes 2. WSH 3565 Dale Hunter
22%
Penalty Minutes 8. CGY 3146 Tim Hunter
22%
Games Played 16. DET 1550 Alex Delvecchio
21%
Penalty Minutes 6. BUF 3207 Rob Ray
20%
Games Played 12. WSH 1615 Larry Murphy
17%
Assists 18. WSH 929 Larry Murphy
17%
Plus/Minus 14. MTL 394 Steve Shutt
16%
Penalty Minutes 20. OTT 2522 Chris Neil
15%
Penalty Minutes 22. NJD 2516 Ken Daneyko
14%
Plus/Minus 17. BOS 363 Brad Park
13%
Penalty Minutes 9. MTL 3043 Chris Nilan
13%
Penalty Minutes 15. VAN 2634 Donald Brashear
13%
Plus/Minus 21. MTL 329 Guy Lapointe
12%
Plus/Minus 19. MTL 344 Jacques Lemaire
12%
Penalty Minutes 19. CGY 2560 Gary Roberts
10%
Penalty Minutes 11. NJD 2905 Pat Verbeek
10%
Penalty Minutes 17. VAN 2567 Gino Odjick
9%
Penalty Minutes 4. LAK 3381 Marty McSorely
9%
Games Played 20. ANA 1516 Matt Cullen
8%
Penalty Minutes 10. PHI 2970 Rick Tocchet
8%
Penalty Minutes 7. WSH 3149 Craig Berube
7%
Penalty Minutes 25. MNS 2457 Basil McRae
6%
Plus/Minus 22. BUF 324 Craig Ramsay
6%
Penalty Minutes 13. CHI 2792 Dave Manson
5%
Penalty Minutes 21. DET 2519 Joey Kocur
5%
Penalty Minutes 24. FLA 2479 Scott Mellanby
4%
Plus/Minus 10. PHI 448 Brad McCrimmon
3%
Points 15. WAS *1532 Alexander Overchkin
2%
Plus/Minus 24. BUF 320 Bill Hajt
2%
Penalty Minutes 18. BUF 2562 Matthew Barnaby
2%
Penalty Minutes 16. CGY 2570 Willi Plett
2%
No matching quizzes found
Score Distribution
Percent of People with Each Score
Percentile by Number Answered
Your Score History
You have not taken this quiz